| 000 | 00551nmm a2200157Ia 4500 | ||
|---|---|---|---|
| 008 | 251105s9999||||xx |||||||||||||||||und|| | ||
| 020 | _a9788425228544 | ||
| 041 | _aspa | ||
| 100 | _aBerchon, Mathilde | ||
| 245 | 0 |
_aLa impresión 3D : _b Guía definitiva para makers, diseñadores, estudiantes, profesionales, artistas y manitas en general |
|
| 264 |
_a[Madrid, España] : _bEditorial Gustavo Gili, _c2016 |
||
| 300 | _a216 páginas | ||
| 650 | _aTechnology and computing | ||
| 856 | _uhttps://public.digitaliapublishing.com/a/41413 | ||
| 942 | _cCF | ||
| 999 |
_c80307 _d80307 |
||